General Knowledge Multiple Choice #4 - Statistics

General Stats
  • This quiz has been taken 77 times
  • The average score is 7 of 15
Answer Stats
Question Answer % Correct
Which queen gave birth to Caesarion? Cleopatra
100%
Which body part brings food from your mouth to your stomach? Esophagus
100%
Which show is the most popular in the US? The Simpsons
100%
How many flavors does Baskin-Robbins have in total? 31
67%
Which hit song was the most disliked song on YouTube? Baby - Justin Bieber
67%
Which of the following statements is an actual quote? I’ve never really wanted to go to Japan, simply because I don’t like eating fish and I know that’s very popular out there in Africa.’ -Britney Spears
67%
Which song was name the best dance song ever? Y.M.C.A. - The Village People
67%
Which lyric is the right lyric? Let it go, can't hold it back anymore
33%
Which artist recently surpassed Drake on the Billboard Hot 100 (Rap) Lisa (BLACKPINK)
33%
Which planet's average winds are around 700 miles per hour? Neptune
33%
Which President was the 26th president? Theodore Roosevelt
33%
Which science project for school is the most commonly used in the US? The Volcano
33%
Which name is the official name for the hypothetical planet behind Neptune? Planet X
0%
Which K-Pop group's debut song was Happiness? RED VELVET
0%
If your stuck with 4 doors to help you get out, which door would you choose? The room with a lion that hasn't eaten in 3 years (1)
0%
No matching quizzes found
Score Distribution
Percent of People with Each Score
Percentile by Number Answered
Your Score History
You have not taken this quiz